| 000 | 00741nam a22001937a 4500 | ||
|---|---|---|---|
| 005 | 20251108165540.0 | ||
| 008 | 250721s9999 xx 000 0 ara d | ||
| 082 | 1 | 4 | _aط/609/لوت |
| 100 | 1 | _aلوت، ف | |
| 245 | 1 | 0 |
_aالآله البخاريه : _bمن المراكب البخاريه الأولى إلى السفن الحديثه ؛ من السلحفاء إلى الصاعقه / |
| 264 | 1 |
_aبيروت : _bمنشورات مكتبة سمير، _c[19-]. |
|
| 300 | _a12ص:مص | ||
| 490 | 0 | _aمن كل علم خبر : من الحرف اليدويه الى الصناعه ؛10 | |
| 650 | 1 | 7 | _aالإختراعات |
| 650 | 1 | 7 | _aالتاريخ |
| 700 | 1 |
_aسماحه، سهيل _eترجمة |
|
| 942 |
_2ddc _cBK |
||
| 999 |
_c30520 _d30520 |
||